000
00493nam a2200169Ia 4500
008
110201s9999 xx 000 0 und d
082
_b
B1490
_a
N 42
100
_a
बोरकर कमलाकर
245
_a
शिकारी
260
_b
त्रिदल प्रकाशन
365
_b
15
600
_a
बोरकर कमलाकर
630
_a
शिकारी
700
_a
बोरकर कमलाकर
730
_a
शिकारी
942
_c
BOOK
999
_c
828726
_d
828723